| 000 | 00000nas 2200000za 4500 |
| 001 | 9.819498 |
| 003 | CaOODSP |
| 005 | 20221107142957 |
| 007 | cr ||||||||||| |
| 008 | 160615d19841986oncar p oss f000#b0fre|d |
| 022 | |y0830-1980 |
| 040 | |aCaOODSP|bfre |
| 041 | |aeng|afre |
| 043 | |an-cn--- |
| 086 | 1 |aCS61-214-PDF |
| 245 | 00|aInvestment statistics, manufacturing sub-industries and selected energy related industries, intentions |h[ressource électronique] = |bStatistique des investissements, sous-industries manufacturières et certaines industries énergétiques, perspective. |
| 246 | 11|aStatistique des investissements, sous-industries manufacturières et certaines industries énergétiques, perspective |
| 260 | |aOttawa : |bStatistics Canada, Construction Division = Statistique Canada, Division de la construction, |c1984-1986. |
| 310 | |aAnnuel |
| 362 | 0 |a1984-1986. |
| 500 | |aÉdition numérisée de l’imprimé [par Statistique Canada]. |
| 546 | |aTexte en anglais et en français. |
| 550 | |aPublié 1985-1986, par la Division des sciences, de la technologie et du stock de capital. |
| 692 | 07|2gccst|aInvestissement |
| 692 | 07|2gccst|aIndustrie |
| 692 | 07|2gccst|aFinances |
| 710 | 1 |aCanada.|bStatistique Canada.|bDivision de la construction. |
| 710 | 2 |aStatistique Canada.|bDivision des sciences, de la technologie et du stock de capital. |
| 780 | 00|tInvestment statistics, manufacturing sub-industries and selected energy related industries, outlook |w(CaOODSP)9.819495 |
| 785 | 00|tCapital and repair expenditures, manufacturing sub-industries, intentions |w(CaOODSP)9.819502 |
| 791 | |tInvestment statistics, manufacturing sub-industries and selected energy related industries, intentions |eeng|w(CaOODSP)9.819496 |